000 00383nam a2200145 a 4500
005 20140412111409.0
008 070807s19uu xx 00 eng d
020 _a1-84332-172-6
050 _aER
_bHo68 2004
100 _aMugford, Simon
245 _aHorse and pony /
_cSimon Mugford.
260 _aMalaysia :
_bSt. Martin press,
_c2004.
440 _aSticker fun
999 _c105628
_d105628